Microbial ecology of the oceans
Guardado en:
| Autor principal: | |
|---|---|
| Formato: | Libro |
| Lenguaje: | Undetermined |
| Materias: | |
| Etiquetas: |
Agregar Etiqueta
Sin Etiquetas, Sea el primero en etiquetar este registro!
|
| Thư viện lưu trữ: | Trung tâm Học liệu Trường Đại học Cần Thơ |
|---|
| LEADER | 00388nam a2200145Ia 4500 | ||
|---|---|---|---|
| 001 | CTU_67148 | ||
| 008 | 210402s9999 xx 000 0 und d | ||
| 082 | |a 577.7 | ||
| 082 | |b K61 | ||
| 100 | |a D. L. Kirchman | ||
| 245 | 0 | |a Microbial ecology of the oceans | |
| 245 | 0 | |c D. L. Kirchman | |
| 650 | |a marine ecology | ||
| 904 | |i Minh | ||
| 980 | |a Trung tâm Học liệu Trường Đại học Cần Thơ | ||